| 000 | 00703nam a2200229 a 4500 | ||
|---|---|---|---|
| 999 |
_c2124 _d2124 |
||
| 001 | 2124 | ||
| 003 | BD-JhCC | ||
| 005 | 20171030092017.0 | ||
| 008 | 171030s2000 bg |||| ||a| 000 0 ben d | ||
| 020 | _a9845552129 | ||
| 035 | _a(BD-JhCC)2124 | ||
| 040 |
_aBD-JhCC _dBD-JhCC |
||
| 041 | _aben | ||
| 082 |
_a891.4409 _bAHM 2000 |
||
| 100 | _aআহমদ, শাহাবুদ্দীন | ||
| 245 |
_aনজরুলের গদ্যে উপমা / _cশাহাবুদ্দীন আহমদ, |
||
| 260 |
_aঢাকা : _bনজরুল ইন্সটিটিউট, _c2000 |
||
| 300 |
_a100 p. : _c22 cm. |
||
| 650 | _aBengali Literature | ||
| 942 |
_2ddc _cBK |
||